header

Minimalist inquiries into child and adult language acquisition (Record no. 55674)

MARC details
000 -LEADER
fixed length control field 01699nam a2200397 a 4500
082 04 - DEWEY DECIMAL CLASSIFICATION NUMBER
Classification number 401/.93
245 00 - TITLE STATEMENT
Title Minimalist inquiries into child and adult language acquisition
260 ## - PUBLICATION, DISTRIBUTION, ETC. (IMPRINT)
Place of publication Berlin ;
-- New York :
Name of publisher Mouton de Gruyter,
Year of publication c2009.
300 ## - PHYSICAL DESCRIPTION
Number of Pages viii, 354 p. :
Other physical details ill.
490 1# - SERIES STATEMENT
Series statement Studies on language acquisition ;
650 #0 - SUBJECT ADDED ENTRY--TOPICAL TERM
Topical Term Second language acquisition
Topical Term Bilingualism
Topical Term Portuguese language
Topical Term Portuguese language
Topical Term Linguistic change
Topical Term Grammar, Comparative and general
Topical Term Minimalist theory (Linguistics)
700 1# - ADDED ENTRY--PERSONAL NAME
Personal name Pires, Acrisio.
Personal name Rothman, Jason.
856 40 - ELECTRONIC LOCATION AND ACCESS
Uniform Resource Identifier http://site.ebrary.com/lib/rucke/Doc?id=10329840

No items available.

© 2026 Rongo University
Contact us: librarian | system librarian | Rongo university